000 01588cam a2200217 4500500
005 20251228050106.0
041 _afre
042 _adc
100 1 0 _aMacherey, Pierre
_eauthor
245 0 0 _aSur l'action
260 _c2005.
500 _a56
520 _aCet article, sans s’appuyer sur aucune référence particulière, voudrait proposer quelques remarques sur l’action, afin d’en reprofiler le concept, tout en en gardant le caractère « actif », « agissant ». L’idée principale qui s’en dégage est la suivante: quelle que soit sa forme, l’action doit toujours être comprise comme action dans le monde, le monde étant lui-même un complexe d’actions engagé dans un processus de transformation qui, sans commencement ni fin, se trouve toujours en cours.
520 _aThis paper, without any specific reference, would make some general suggestions about action, in order to profile again its concept while keeping its « active », « acting » character. The general claim is following: whatever its form is, action must be ever understood as action in-world, the world being itself a complex of actions involved in a process of transformation without beginning or end, and therefore forever in progress.
690 _aActes sociaux totaux
690 _aAction dans le monde
690 _aAction in-world
690 _aTotal social acts
786 0 _nArchives de philosophie | 68 | 4 | 2005-12-01 | p. 629-635 | 0003-9632
856 4 1 _uhttps://shs.cairn.info/revue-archives-de-philosophie-2005-4-page-629?lang=fr&redirect-ssocas=7080
999 _c1579765
_d1579765